Sports Quiz

Random Sports or MLB Quiz
Score 0/11 Timer 05:00
0 Plays Today
Innings Pitcher % Correct
2060 2/3Felix Hernandez
95.8%
1978Justin Verlander
94.6%
1378 1/3Clayton Kershaw
91.3%
1801 1/3Cole Hamels
89.8%
1567 1/3Tim Lincecum
88.3%
1162CC Sabathia
87.7%
1541 2/3Adam Wainwright
87.3%
1811 1/3Matt Cain
86.4%
1208 1/3Johnny Cueto
80.7%
1688Jered Weaver
79.2%
1303 1/3John Danks
43.1%
Remove Ads.
Support Sporcle.
Get the best of Sporcle when you Go Orange. This ad-free experience offers more features, more stats, and more fun while also helping to support Sporcle. Thank you for becoming a member.

You're not logged in!

Compare scores with friends on all Sporcle quizzes.
OR
Log In

Show Comments

Extras

Top Quizzes Today


Score Distribution

Your Account Isn't Verified!

In order to create a playlist on Sporcle, you need to verify the email address you used during registration. Go to your Sporcle Settings to finish the process.

Report this User

Report this user for behavior that violates our Community Guidelines.

Details: